Efectividad en la conformación del consejo social de la colonia Aldrete y su vinculación con entidades gubernamentales : experiencia en el gobierno municipal de Guadalajara 2015-2018 /

En este trabajo se analiza la efectividad de la conformación del consejo social de la colonia Aldrete y su interacción con el gobierno municipal de Guadalajara entre 2015 y 2018. Motivado por conflictos entre vecinos, el consejo se estableció como un mecanismo de democracia participativa, apoyado po...

Szczegółowa specyfikacja

Zapisane w:
Opis bibliograficzny
1. autor: Moreno Corral, Alvaro (autor)
Format: Praca dyplomowa Książka
Język:hiszpański
Wydane: Guadalajara, México : edición de autor, 2023
Hasła przedmiotowe:
Dostęp online:Ver documento en línea
Etykiety: Dodaj etykietę
Nie ma etykietki, Dołącz pierwszą etykiete!

MARC

LEADER 00000nam^a2200000^a^4500
001 000590256
005 20251023000000.0
009 20260310132905.561
037 |a Acervo ITESO - Biblioteca 
041 |a ESP 
090 |a MPG. 146 
100 |a Moreno Corral, Alvaro  |e (autor) 
245 1 0 |a Efectividad en la conformación del consejo social de la colonia Aldrete y su vinculación con entidades gubernamentales :  |b experiencia en el gobierno municipal de Guadalajara 2015-2018 /  |c A. Moreno Corral. 
264 1 |a Guadalajara, México :  |b edición de autor,  |c 2023 
300 |a 1 tesis electrónica en línea (75 p.) 
300 |a 1 recurso en línea 
336 |a datos para computadora  |b cod  |2 rdacontenido 
337 |a computadora  |b c  |2 rdamedio 
338 |a recurso en línea  |b cr  |2 rdasoporte 
502 |a ITESO Tesis de Maestría en Política y Gestión Pública 
520 |a En este trabajo se analiza la efectividad de la conformación del consejo social de la colonia Aldrete y su interacción con el gobierno municipal de Guadalajara entre 2015 y 2018. Motivado por conflictos entre vecinos, el consejo se estableció como un mecanismo de democracia participativa, apoyado por la Dirección de Participación Ciudadana. La experiencia revela desafíos en la organización ciudadana y su limitada prioridad en la agenda gubernamental y la falta de apoyo municipal, ya que los vecinos tuvieron que asumir costos de seguridad pública. 
649 |a XX 
650 |a Participación Política -  |z Guadalajara, Jalisco -  |x Tema Principal 
650 |a Participación Social -  |z Guadalajara, Jalisco 
650 |a Movimientos Ciudadanos -  |z Guadalajara, Jalisco 
650 |a Movimientos Sociales -  |z Guadalajara, Jalisco 
650 |a Seguridad Pública -  |z Guadalajara, Jalisco -  |x Tema Principal 
650 |a Política Municipal -  |z Guadalajara, Jalisco -  |x Historia -  |y 2012-2018 -  |x Tema Principal 
650 |a Política Municipal -  |z Guadalajara, Jalisco -  |x Historia -  |y Siglo XXI 
650 |a Política -  |z Guadalajara, Jalisco -  |x Historia -  |y 2012-2018 
650 |a Política -  |z Guadalajara, Jalisco -  |x Historia -  |y Siglo XXI 
650 |a Política -  |z México -  |x Historia -  |y 2012-2018 
650 |a Política -  |z México -  |x Historia -  |y Siglo XXI 
856 4 0 |u https://rei.iteso.mx/handle/11117/9293  |y Ver documento en línea 
910 |a Fondo General 
920 |a Electrónicos - Tesis del ITESO en Línea 
930 |a Repositorio Institucional 
905 |a 201 
901 |a 590256-1  |b IT2  |c ETI  |u 20250521 
902 |a https://opac.biblio.iteso.mx/vufind/Record/000590256